| 000 | 00622nam a2200253Ia 4500 | ||
|---|---|---|---|
| 008 | 171025s9999 xx 000 0 und d | ||
| 020 | _a9781576754306 | ||
| 050 | _a659.1 | ||
| 050 | _bF754 2007 | ||
| 100 | _aFoster, Jack | ||
| 245 | _aHow to get ideas / | ||
| 245 | _cby Jack Foster. | ||
| 250 | _aNew expanded edition. | ||
| 260 | _aPhilippines : | ||
| 260 | _bBerrett Koehlen, | ||
| 260 | _c2007 | ||
| 300 | _a214 pages : | ||
| 300 | _billustrations ; | ||
| 500 | _aIncludes notes and index. | ||
| 650 | _aAdvertising. | ||
| 650 | _aAuthorship. | ||
| 650 | _aBusiness writing. | ||
| 700 | _aTitle. | ||
| 999 |
_c344732 _d344732 |
||